Statistics for 50 Most Played Jetpunk Quizzes

Click here to take the quiz!

General Stats

  • This quiz has been taken 68 times
  • The average score is 74 of 169

Answer Stats

ANSWER% Correct
Countries
95%
the
93%
The
93%
of
91%
World
90%
A
88%
B
88%
#1
74%
in
74%
#2
72%
to
72%
Quiz
71%
#3
69%
State
69%
US
69%
Capital
66%
States
64%
7
62%
8
62%
America
62%
Country
62%
with
60%
Z
60%
100
59%
Biggest
59%
That
57%
that
57%
Africa
55%
Asia
55%
Map
55%
South
53%
Start
53%
Capitals
52%
by
50%
Most
50%
12
47%
15
47%
European
47%
Letter
47%
One
47%
Population
47%
Fast
45%
Minute
45%
Area
43%
Name
43%
Typing
43%
United
41%
Seconds
40%
Flags
38%
Words
38%
NBA
36%
Presidents
36%
Two
34%
East
33%
Know)
33%
English
29%
NFL
29%
Planets
29%
Common
28%
Months
28%
Teams
26%
Ever
24%
Sins
24%
Deadly
22%
Harry
22%
Names
22%
People
22%
Potter
22%
40
21%
80's
21%
Fifty
21%
Random
21%
Central
17%
Famous
17%
Last
17%
Characters
16%
Dwarfs
16%
(Everyone
14%
Fruit
14%
Math
14%
Should
14%
Food
12%
Lyrics
12%
Major
12%
- Multiplication
12%
NHL
12%
Shapes
12%
2000's
10%
Baseball
10%
Books
10%
League
10%
Periodic
10%
Pokemon
10%
Table
10%
Abbreviations
9%
Catchphrases
9%
Fresh
9%
Historical
9%
Important
9%
Prince
9%
Mammal
7%
Mythical
7%
Animals
5%
Animated
5%
Creatures
5%
Disney
5%
Restaurants
5%
Don't
3%
Stop
3%
Believin'
2%

Score Distribution

Percentile by Number Answered

Percent of People with Each Score

Your Score History

You have not taken this quiz